000 01059nam a2200313 i 4500
001 25637
003 KOSZ 005
005 20200616081937.0
008 990506s1970 pl g d 000 0 pol
015 _aPB 1971/1086
040 _aWA N
_cWA N
_dKOSZ 005/HR
041 0 _apol
_aita
046 _k1970
100 1 _aMeisels, Wojciech
_d(1894-1969)
_eAutor
245 1 0 _aPodręczny słownik polsko-włoski /
_cWojciech Meisels.
246 1 5 _aDizionario pratico polacco-italiano.
260 _aWarszawa :
_b"Wiedza Powszechna",
_c1970.
300 _aXVI, 1028 stron ;
_c18 cm.
336 _aTekst
_btxt
_2rdacontent
337 _aBez urządzenia pośredniczącego
_bn
_2rdamedia
338 _aWolumin
_bnc
_2rdacarrier
380 _aKsiążki
388 _a1901-2000
655 4 _aSłownik polsko-włoski.
658 _aJęzykoznawstwo
710 2 _aPaństwowe Wydawnictwo Wiedza Powszechna
_4pbl.
856 _uhttp://koha.tu.koszalin.pl/cgi-bin/koha/opac-detail.pl?biblionumber=25637
_yKatalog online BPK
942 _2UKD
_cKS
999 _c25637
_d25637